The Voice Of Reason (Record no. 922658)

MARC details
000 -LEADER
fixed length control field 00237nam a2200097Ia 4500
008 - FIXED-LENGTH DATA ELEMENTS--GENERAL INFORMATION
fixed length control field 231107s1989 xx 000 0 und d
041 ## - LANGUAGE CODE
Language code of text/sound track or separate title eng
100 ## - MAIN ENTRY--PERSONAL NAME
Personal name Rand,Ayn
245 ## - TITLE STATEMENT
Title The Voice Of Reason
260 ## - PUBLICATION, DISTRIBUTION, ETC.
Place of publication, distribution, etc. New Delhi
Name of publisher, distributor, etc. Signet Books
Date of publication, distribution, etc. 1989
Holdings
Withdrawn status Lost status Damaged status Not for loan Home library Current library Date acquired Cost, normal purchase price Total Checkouts Barcode Date due Date last seen Date last checked out Price effective from Koha item type
        College of Architecture, Navi Mumbai College of Architecture, Navi Mumbai 08/11/2023 284.00 1 ARM-A-1030 19/03/2024 19/03/2024 19/03/2024 08/11/2023 Book